Quick Pick: 'B' Big 4 Teams Quiz Stats

 Plays Quiz Updated Apr 27, 2016

Also try: An Eye In Team
Challenge
Share
Tweet
Embed
Score 0/15 Timer 01:00
1 Play Today
% Correct
Broncos
88.9%
Bills
87.5%
Buccaneers
85.8%
Braves
85.6%
Browns
85.5%
Blue Jays
85.2%
Bulls
84%
Bengals
83.1%
% Correct
Bruins
82.6%
Bears
82.3%
Blackhawks
78.9%
Brewers
78.7%
Blues
75.3%
Bucks
75.2%
Blue Jackets
74.6%

Today's Daily Dose

You're not logged in!

Compare scores with friends on all Sporcle quizzes.
OR
Log In

You Might Also Like...

Show Comments

Extras

Top Quizzes Today


Score Distribution

Your Account Isn't Verified!

In order to create a playlist on Sporcle, you need to verify the email address you used during registration. Go to your Sporcle Settings to finish the process.

Report this User

Report this user for behavior that violates our Community Guidelines.

Details: